000 00930nam0a22002531 4500
001 rc\2803358
005 20250806210346.0
035 _a(NLR Aleph) 006929356
090 _a34959
_c34959
100 _a20110915d1944 u y0rusy50 ca
101 0 _arus
102 _aRU
105 _ay z |||||
200 1 _aОбучение вождению мотоцикла
_eПособие для инструкторов практ. езды
_fА. К. Постников
210 _aМосква
_aЛенинград
_cИзд-во Наркомхоза РСФСР
_d1944
_eПерово
215 _a19 с., без обл.
_d17 см.
700 1 _aПостников
_bА.К.
_gАнатолий Константинович
801 0 _aRU
_bNLR
_gpsbo
801 1 _aRU
_bELAR
_2rusmarc
852 _aNLR
_jТ86 Г-2/110
942 _cBOOK
945 _aРоссийская национальная библиотека
980 _aNB
980 _aBV